[Event "St Joao da Madeira Masters"]
[Site "St Joao da Madeira"]
[Date "2001.10.07"]
[Round "3.2"]
[White "Pinheiro, Albano Guise"]
[Black "Mota, Daniel"]
[Result "1-0"]
[WhiteElo "2126"]
[BlackElo "2000"]
[PlyCount "133"]
[EventDate "2001.10.05"]
[EventType "tourn"]
[EventRounds "9"]
[EventCountry "POR"]
[SourceTitle "CBM 085 Extra"]
[Source "ChessBase"]
[SourceDate "2002.01.21"]
[SourceVersion "1"]
[SourceVersionDate "2002.01.21"]
[SourceQuality "1"]

1. e4 e6 2. d4 d5 3. Nc3 Nf6 4. Bg5 Be7 5. e5 Nfd7 6. h4 c5 7. Bxe7 Qxe7 8. Nb5 Kd8 9. f4 Nc6 10. Nf3 f6 11. c3 cxd4 12. cxd4 Qb4+ 13. Qd2 Qxd2+ 14. Kxd2 a6 15. Nd6 Ke7 16. Rc1 Nb6 17. b3 Ra7 18. g4 Bd7 19. Bd3 Nc8 20. Nxc8+ Bxc8 21. Rhe1 fxe5 22. fxe5 h6 23. Ke3 Bd7 24. h5 Nb4 25. Bb1 Rc8 26. Rxc8 Bxc8 27. a3 Nc6 28. Nh4 Na5 29. Ng6+ Kd8 30. Bc2 b5 31. Rf1 Kc7 32. Nh8 Kb6 33. Rf8 Rc7 34. Kd3 Nc6 35. Rf7 b4 36. a4 Na5 37. Rxc7 Kxc7 38. Nf7 Kd7 39. g5 hxg5 40. Nxg5 Ke7 41. Ke3 Bd7 42. Nh3 Be8 43. Nf4 Nc6 44. Bd1 Na5 45. Nd3 Nc6 46. Nc5 a5 47. Bg4 Bf7 48. Be2 Kd8 49. Nb7+ Kc7 50. Nd6 Bg8 51. Ne8+ Kd7 52. Nxg7 Ke7 53. h6 Bh7 54. Bd3 Bxd3 55. Kxd3 Nd8 56. h7 Nf7 57. Nh5 Nh8 58. Ke3 Kf7 59. Nf4 Ke7 60. Kf3 Kf7 61. Kg4 Kg7 62. Nxe6+ Kxh7 63. Nc7 Kg6 64. Nxd5 Nf7 65. Ne7+ Kg7 66. Nc6 Nh6+ 67. Kf4 1-0